000 00665nam a2200289Ia 4500
005 20260324143650.0
008 008 260324s9999 xx 000 0 eng d
020 _a9781003187998
037 _aEBOOK
040 _aCRL
040 _beng
040 _cCRL
041 _2eng
041 _aeng
084 _qCRL
100 _aRoy Douglas
_91216477
245 4 _aThe World War 1939–1945
245 4 _bThe Cartoonists' Vision
260 _bTaylor and Francis
260 _c1991
365 _a
365 _b205
856 _uhttp://www.taylorfrancis.com/books/9781003187998
942 _cEBOOK
999 _c1822134
_d1822134